New year new life (targeta)

per Junyer, Joan, 1904-1994

Publicat: [s.l.] : [s.n.]
Descripció física: full plegat : il·lustració en blanc i negre ; 18 x 15 cm
Idioma: Català , English

MARC

LEADER 00000nkm a2200000 a 4500
001 29180
003 AGDB
005 20260324181542.0
008 251223b spa||||| |||| 00| 0 cat d
040 |a agdb  |b cat 
041 |a eng 
100 |a Junyer, Joan,  |d 1904-1994  |9 53028 
245 |a New year new life (targeta) 
260 |a [s.l.] :  |b [s.n.],  |c [s.a.] 
300 |a full plegat :  |b il·lustració en blanc i negre ;  |c 18 x 15 cm 
380 |a Targeta postal 
500 |a Prové del fons Joan Junyer i Pascual (1909-1994) 
500 |a A la portada: dibuix a tinta signat per Joan Junyer 
500 |a Postal per felicitar l'any nou 
650 |a Fons Joan Junyer i Pascual (1909-1994)  |9 72777 
942 |2 udc  |c ARXIU  |n 1 
952 |0 0  |1 0  |2 udc  |4 0  |6 F504272  |7 1  |9 98860  |a Arxiu  |b Arxiu  |d 2025-12-23  |l 0  |o F-504-272  |p 29180  |r 2025-12-23 10:53:27  |w 2025-12-23  |y ARXIU 
999 |c 130528  |d 130528